000
00274nam a2200121Ia 4500
008
230524s9999 xx 000 0 und d
100
_a
Sheldon M.Ross
245
0
_a
"Simulation,"
260
_b
Elsevier
500
_a
Quantity Number: 30
650
_a
Comp-Sc
942
_c
BK
999
_c
49897
_d
49897